000 00622nam a2200193Ia 4500
003 GCL
008 140319s9999 xx 000 0 ara d
040 _aGCL /
_cGCL
082 0 4 _a228.1
_bص ت
100 1 _aصابر حسن ابوسليمان
245 1 0 _aالتيسير فى القراءات السبع المشهورة وتوجيهها /
_cصابر حسن ابوسليمان
300 _a424 ص
490 _aكتاب
_v0
650 0 4 _aالقران، القراءات والتجويد
650 0 4 _aالقران - بلاغة
650 0 4 _aالقران - الفاظ
650 0 4 _aالقران
942 _2ddc
_cBK
999 _c42187
_d42187